| 000 | 00775na a2200253 4500 | ||
|---|---|---|---|
| 001 | 14192 | ||
| 003 | MIRAKIL | ||
| 005 | 20181213155135.0 | ||
| 008 | 161019b tu 000 0 | ||
| 035 | _a14192 | ||
| 040 |
_aMilas _btur _cTR-AnCHP |
||
| 041 | _atur | ||
| 082 |
_aATA 956.1024 _bÖ93a 1996 |
||
| 090 | _aATA 956.1024 Ö93a 1996 | ||
| 100 |
_aÖzerdim, Sami N. _d1918-1997 |
||
| 245 |
_aAtatürk devrimi kronolojisi _b1918-1995 _cSami N. Özerdim |
||
| 260 |
_aAnkara _bÇankaya Belediyesi _c1996 |
||
| 300 |
_a176 s. _c20 sm. |
||
| 504 | _aDizin var. | ||
| 600 |
_aAtatürk, Mustafa Kemal _d1881-1938 _xAtatürk devrimleri _yKronoloji |
||
| 650 |
_aCumhurbaşkanları _xKronoloji _zTürkiye |
||
| 651 |
_aTürkiye _xSiyasal tarih _zKronoloji |
||
| 942 |
_2ddc _cBKS |
||
| 999 |
_c7326 _d7326 |
||